| 000 | 02377nam a2200217Ia 4500 | ||
|---|---|---|---|
| 999 |
_c26521 _d26521 |
||
| 003 | OSt | ||
| 005 | 20210727165607.0 | ||
| 008 | 160316s2001 xxu||||| |||| 00| 0 eng d | ||
| 040 | _c. | ||
| 082 |
_a305.8 _bREP |
||
| 100 | _aI C W A | ||
| 245 | _aReport of the high level committee on the Indian diaspora | ||
| 260 |
_aNew Delhi _bIndian Council of World Affairs _c2001 |
||
| 300 |
_a576p _cxlvii |
||
| 365 | _b Rs. 1,000 | ||
| 505 | _aPART I Letter of transmission ministry of external affairs order dated 18 august 2000 foreword executive summary ackno~edgements abbreviations estimixfed size of overseas indian community: countrywise PART II Country Profiles Chapter 1 The Maldives Chapter 2 Afghanistan, Central Asia & Iran Chapter 3 The Gulf Region Chapter 4 Countries of the Gulf Region Chapter 5 Mauritius Chapter 6 Reunion Chapter 7 South Africa Chapter 8 Other Countries of Africa Chapter 9 Israel Chapter 10 The United Kingdom Chapter 11 Other Countries of Europe Chapter 12 North America Chapter 13 The United States Chapter 14 Canada Chapter 15 The Caribbean Chapter 16 Trinidad and Tobago Chapter 17 Guyana Chapter 18 Suriname Chapter 19 Other Countries of Central & South America Chapter 20 South East Asia Chapter 21 The Asia Pacific Region Chapter 22 The Fiji Archipelago Chapter 23 Other Diasporas: A Global Perspective Part III Interim Reports Submitted to the Government Chapter 24 Interim Report on the Persons of Indian Origin Card (PIO Card) Scheme Chapter 25 Interim Recommendation on Celebration of 'Pravasi Bharatiya Divas' Chapter 26 Interim Recommendation on the Institution of 'Pravasi Bharatiya Samman Awards' for the Indian Diaspora Part IV Major Issues Pertaining to the Indian Diaspora Chapter 27 Consular and Other Issues Chapter 28 Culture Chapter 29 Economic Development (Investment, International Trade, Industrial Development and Tourism) Chapter 30 Education Chapter 31 Health Chapter 32 Media Chapter 33 Science and Technology Chapter 34 Philanthropy Chapter 35 Pravasi Bharatiya Bhavan Chapter 36 Dual Citizenship Chapter 37 Diaspora Relations and Organisational Structure Part V Chapter 38 Conclusions and Recommendations | ||
| 650 | _a1. Indian Diaspora - Report | ||
| 700 |
_a _a |
||
| 856 | _u http://opac.nls.ac.in:8081/xmlui/handle/123456789/658 | ||
| 942 |
_2ddc _cBK |
||